| 000 | 00000nam##2200000za#4500 |
| 001 | 9.686169 |
| 003 | CaOODSP |
| 005 | 20210624230419 |
| 007 | cr ||||||||||| |
| 008 | 150407|1997||||xxc|||||o f|0| 0 eng|d |
| 020 | |a0-662-30603-1 |
| 040 | |aCaOODSP|beng |
| 043 | |an-cn--- |
| 086 | 1 |aE2-371/1997E-IN |
| 110 | 1 |aCanada.|bForeign Affairs and International Trade. |bCanadian Centre for Foreign Policy Development. |
| 245 | 10|aEngendering Peacebuilding (March 20, 1997) / |h[electronic resource]|c[by] Kimberley Manning and Barbara Arneil. |
| 260 | |aOttawa - Ontario : |bForeign Affairs and International Trade. |c[1997]. |
| 300 | |a22p. |
| 504 | |aBibliography. |
| 590 | |a10-07-Supp|b2010-09-08 |
| 690 | 07|aGender equality|2gcpds |
| 690 | 07|aNongovernmental organizations|2gcpds |
| 690 | 07|aPeacekeeping|2gcpds |
| 720 | 1 |aArneil, Barbara |
| 720 | 1 |aManning, Kimberley |
| 775 | 08|tÉgalité des sexes et consolidation de la paix (le 20 mars 1997) / |w(CaOODSP)9.630753 |
| 776 | 0#|tEngendering peace building / |w(CaOODSP)9.648199 |
| 856 | 40|ahttp://publications.gc.ca|qPDF|s97 KB|uhttps://publications.gc.ca/collections/Collection/E2-371-1997E.pdf |
| 986 | |a1006.3E |